Política agraria : recopilación de varios escritos publicados en folletos ... sobre la Mancomunidad del Ebro y Zonas de Puertos Francos / Félix Martínez Lacuesta, [recopilado por] varios admiradores del autor recopilación de varios escritos publicados en folletos ... sobre la Mancomunidad del Ebro y Zonas de Puertos Francos / Félix Martínez Lacuesta, [recopilado por] varios admiradores del autor
Descripción Física:
117 p. ; 22 cm
MARC
| LEADER | 00000nam a2200000Ia 4500 | ||
|---|---|---|---|
| 001 | 816 | ||
| 008 | 160829s1915 xx 000 0 cat d | ||
| 080 | |a C-1-308 | ||
| 100 | |a Martínez Lacuesta, Félix |9 31985 | ||
| 245 | |a Política agraria : |b recopilación de varios escritos publicados en folletos ... sobre la Mancomunidad del Ebro y Zonas de Puertos Francos / Félix Martínez Lacuesta, [recopilado por] varios admiradores del autor | ||
| 260 | |a Haro : |b (Imp. de Viela), |c 1915 | ||
| 300 | |a 117 p. ; |c 22 cm | ||
| 650 | 0 | |a Política agrícola |9 31986 | |
| 650 | |a Mancomunidad del Ebro |9 31987 | ||
| 901 | |a Arxiu | ||
| 942 | |n 1 | ||
| 952 | |0 0 |1 0 |4 0 |6 C1308 |7 1 |9 45828 |a Arxiu |b Arxiu |d 2016-12-01 |l 0 |o C-1-308 |p 816 |r 2016-12-01 00:00:00 |w 2016-12-01 |y ARXIU | ||
| 999 | |c 49328 |d 49328 | ||